Mood management leader's manual (Record no. 480689)

MARC details
000 -LEADER
fixed length control field 01487cam a2200325 a 4500
001 - CONTROL NUMBER
control field EDZ0000063632
003 - CONTROL NUMBER IDENTIFIER
control field StDuBDS
005 - DATE AND TIME OF LATEST TRANSACTION
control field 20161031105148.0
006 - FIXED-LENGTH DATA ELEMENTS--ADDITIONAL MATERIAL CHARACTERISTICS--GENERAL INFORMATION
fixed length control field m||||||||d||||||||
007 - PHYSICAL DESCRIPTION FIXED FIELD--GENERAL INFORMATION
fixed length control field cr |||||||||||
008 - FIXED-LENGTH DATA ELEMENTS--GENERAL INFORMATION
fixed length control field 120319s2001 caua fo| 000|0|eng d
020 ## - INTERNATIONAL STANDARD BOOK NUMBER
International Standard Book Number 9781452231822 (ebook) :
Terms of availability No price
040 ## - CATALOGING SOURCE
Original cataloging agency StDuBDS
Language of cataloging eng
Transcribing agency StDuBDS
Description conventions pn
049 ## - LOCAL HOLDINGS (OCLC)
Holding library Alfaisal Main Library
050 #0 - LIBRARY OF CONGRESS CALL NUMBER
Classification number BF724.3.E5
Item number L36 2001
082 04 - DEWEY DECIMAL CLASSIFICATION NUMBER
Classification number 155.5124
Edition number 23
100 1# - MAIN ENTRY--PERSONAL NAME
Personal name Langelier, Carol A.
245 10 - TITLE STATEMENT
Title Mood management leader's manual
Medium [electronic resource] :
Remainder of title a cognitive-behavioral skills building program for adolescents /
Statement of responsibility, etc Carol A. Langelier.
260 ## - PUBLICATION, DISTRIBUTION, ETC. (IMPRINT)
Place of publication, distribution, etc Thousand Oaks, Calif. ;
-- London :
Name of publisher, distributor, etc SAGE,
Date of publication, distribution, etc c2001.
300 ## - PHYSICAL DESCRIPTION
Extent 1 online resource (xix, 156 p.) :
Other physical details ill.
520 8# - SUMMARY, ETC.
Summary, etc This book provides a seven-step programme to assist adolescents who display behaviour problems, to deal with their emotions. The author focuses on teenagers who are 'normal', demonstrating how they can be helped to resolve self-conflict by understanding the thoughts, behaviour, feelings, and physical responses that trigger it.
521 ## - TARGET AUDIENCE NOTE
Target audience note Specialized.
588 ## -
-- Description based on print version record.
650 #0 - SUBJECT ADDED ENTRY--TOPICAL TERM
Topical term or geographic name as entry element Emotions in adolescence.
655 #7 - INDEX TERM--GENRE/FORM
Genre/form data or focus term Electronic books.
Source of term local
710 2# - ADDED ENTRY--CORPORATE NAME
Corporate name or jurisdiction name as entry element Sage eBooks
776 08 - ADDITIONAL PHYSICAL FORM ENTRY
Display text Print version :
International Standard Book Number 9780761922971
856 40 - ELECTRONIC LOCATION AND ACCESS
Uniform Resource Identifier <a href="http://ezproxy.alfaisal.edu/login?url=http://sk.sagepub.com/books/mood-management-leaders-manual">http://ezproxy.alfaisal.edu/login?url=http://sk.sagepub.com/books/mood-management-leaders-manual</a>
942 ## - ADDED ENTRY ELEMENTS (KOHA)
Source of classification or shelving scheme Library of Congress Classification
Koha item type eBooks

No items available.

Copyright © 2020 Alfaisal University Library. All Rights Reserved.
Tel: +966 11 2158948 Fax: +966 11 2157910 Email:
librarian@alfaisal.edu